000 00574nam a22002177a 4500
003 UA-OsUOA
001 36952
007 ta
008 20060217b un ||||| |||| 00| 0 ukr d
100 _aРимарук І.
090 _a82
_bР11
942 _cSA
040 _aUA-OsUOA
_bukr
_cUA-OsUOA
_dUA-OsUOA
245 _aІз "Книги триптихів"
300 _aС.37-42
955 _a0
041 _aukr
080 _a82
773 0 _w36946
_tСучасність
_dК.
_d2006
_g1
650 7 _a82 Література. Літературознавство
_2UDC
999 _c323179
_d323179